|
|
|
|
| LEADER |
00598cam a2200169 7i4500 |
| 001 |
0000011185 |
| 005 |
20020701090000.0 |
| 090 |
0 |
0 |
|a CD 330.9
|b ECO (MIDE)
|
| 245 |
0 |
0 |
|a EIU country reports :
|b Middle East/ North Africa.
|
| 260 |
0 |
0 |
|a [London]:
|b The Economist Intelligence Unit,
|c 2002.
|
| 300 |
# |
# |
|a Electronic computer optical disc (CD-ROM).
|
| 500 |
0 |
0 |
|a Library has 2001 - 2002
|
| 650 |
0 |
0 |
|a Economic conditions --
|z Middle East
|
| 650 |
0 |
0 |
|a Economic conditions --
|z North Africa
|
| 651 |
0 |
0 |
|a Middle East
|
| 651 |
0 |
0 |
|a North Africa
|
| 999 |
|
|
|a CDR000024B
|b CD-ROM
|c AV Collection
|e Business Information Centre
|